00318nam a2200133Ia 4500003000900000005001700009008003700026040003300063041000800096080001300104245004100117300001800158650000800176LK-CoDNM20240924101503.0010623t xxu||||| |||| 00| 1 eng d aLK-CoDNMdLK-CoDNMeLK-CoDNM aeng a15 bE12 aOne of the District Judges of Ceylon b186p. : 33 cm aLaw